000 00860nam a2200253 i 4500
001 132885
003 ES-MaACL
005 20251011063137.0
007 t|
008 070214s1968 sp r ||||1| spa d
100 1 _aRosmini, Antonio,
_d1797-1855
_999791
245 1 4 _aLas cinco llagas de la santa Iglesia /
_cAntonio Rosmini ; edición por Clemente Riva ; traducción y prólogo de Ildefonso Lobo.
250 _a1ª. ed.
260 _aBarcelona :
_bPenínsula,
_c1968.
300 _a321 p. ;
_c19 cm.
490 1 _aColección Pensamiento Cristiano ;
_v17
610 2 4 _aIglesia Católica
_94639
700 1 _aRiva, Clemente.
_997525
700 1 _aLobo, Ildefonso.
_973016
830 0 _aColección pensamiento cristiano
_v17
_9179624
852 _aES-MaACL
_jC-50372
_bR.59537
852 _aES-MaACL
_jP-618-Ter-14
999 _c132885
_d132885